Statistics for Eiropas valstis

Click here to take the quiz!

General Stats

  • This quiz has been taken 38 times
    (36 since last reset)
  • The average score is 19 of 38

Answer Stats

HintAnswer% Correct
VācijaBerlīne
100%
LielbritānijaLondona
92%
GrieķijaAtēnas
85%
UkrainaKijeva
77%
LatvijaRīga
77%
BeļģijaBrisele
69%
ĪrijaDublina
69%
DānijaKopenhāgena
69%
KrievijaMaskava
69%
FrancijaParīze
69%
ItālijaRoma
69%
IgaunijaTallina
69%
SomijaHelsinki
62%
LietuvaViļņa
62%
NīderlandeAmsterdama
54%
ŠveiceBerne
54%
PortugāleLisabona
54%
LuksemburgaLuksemburga
54%
BaltkrievijaMinska
54%
NorvēģijaOslo
54%
ZviedrijaStokholma
54%
SpānijaMadride
46%
BulgārijaSofija
46%
PolijaVaršava
46%
SerbijaBelgrada
38%
RumānijaBukareste
38%
AustrijaVīne
38%
HorvātijaZagreba
38%
SlovākijaBratislava
31%
MoldovaKišiņeva
31%
ČehijaPrāga
31%
UngārijaBudapešta
23%
SlovēnijaĻubļana
23%
ĪslandeReikjavīka
23%
AlbānijaTirāna
15%
MelnkalnePodgorica
8%
MaķedonijaSkopje
8%
Bosnija un HercegovinasSarajeva
0%

Score Distribution

Percentile by Number Answered

Percent of People with Each Score

Your Score History

You have not taken this quiz since the last reset